[Event "12th A.Margaryan Memorial 2022"]
[Site "Yerevan"]
[Date "2022.01.15"]
[Round "7.3"]
[White "Ohanyan, Emin"]
[Black "Lobanov, Sergei"]
[Result "1/2-1/2"]
[WhiteElo "2373"]
[BlackElo "2512"]
[Annotator "TA"]
[PlyCount "50"]
[EventDate "2022.01.09"]
[EventType "tourn"]
[EventCountry "ARM"]
[SourceTitle "playchess.com"]
[Source "ChessBase"]
[SourceQuality "1"]

{[%evp 12,50,17,14,11,15,11,14,6,16,21,10,11,12,18,17,15,0,13,0,2,0,0,0,0,-12,-7,-6,0,0,0,-2,-2,-2,-4,-6,-6,-4,0,0,0]} 1. d4 Nf6 2. c4 e6 3. Nf3 d5 4. Nc3 Be7 5. Bf4 O-O 6. e3 Nbd7 7. Be2 {[%cal Bf1e2,Be2c4,Bc4b3][%mdl 32] The position is equal.} dxc4 {D37: Queen's Gambit Declined: 5 Bf4.} 8. O-O Nd5 9. Bxc4 Nxf4 10. exf4 Nb6 11. Bb3 Nd5 12. g3 Nxc3 13. bxc3 b6 {[#]} 14. Ne5 $146 ({Predecessor:} 14. d5 exd5 15. Bxd5 Bg4 16. Qb3 Bxf3 17. Bxf3 Rb8 18. Rad1 Bd6 19. Qb5 Qf6 20. Rd3 {½-½ (43) Holt,C (2533)-Rosen,E (2372) Chicago 2015}) 14... Bb7 {Prevents d5.} 15. Re1 {[%cal Of4f5]} Bf6 16. Qg4 {[%cal Oe5f7] [#] Black must now prevent Nxf7!} Qd6 17. Rad1 Rad8 18. c4 {[%cal Oc4c5]} c5 19. dxc5 ({Much worse is} 19. d5 exd5 20. cxd5 b5 $17) 19... Qxc5 20. Nd7 {Active counter play!} Rxd7 21. Rxd7 {Chess con chili.} Qc6 {[%csl Gb7][%cal Rc6h1] [#]} 22. Rxb7 $1 Qxb7 23. f5 exf5 24. Qxf5 {aiming for Bc2.} Qc6 25. Qd5 Qc5 {A balanced but interesting game.  Weighted Error Value: White=0.04 (flawless) /Black=0.00 (flawless)} 1/2-1/2

[Event "12th A.Margaryan Memorial 2022"]
[Site "Yerevan"]
[Date "2022.01.15"]
[Round "7.4"]
[White "Alavi, Sayed Javad"]
[Black "Davtyan, Artur"]
[Result "0-1"]
[WhiteElo "2455"]
[BlackElo "2454"]
[Annotator "TA"]
[PlyCount "102"]
[EventDate "2022.01.09"]
[EventType "tourn"]
[EventCountry "ARM"]
[SourceTitle "playchess.com"]
[Source "ChessBase"]
[SourceQuality "1"]

{[%evp 9,102,0,20,19,10,12,14,10,25,5,11,3,34,18,70,28,39,39,66,33,25,0,4,-53,-56,-102,-102,-99,-91,-106,-87,-97,-87,-90,-87,-76,-79,-99,-82,-100,-101,-104,-88,-95,-95,-105,-105,-112,-114,-113,-93,-112,-100,-106,-83,-87,-89,-118,-107,-122,-114,-118,-116,-216,-208,-280,-275,-371,-386,-380,-360,-371,-363,-415,-404,-426,-436,-425,-420,-468,-413,-392,-387,-6015,-473,-29960,-29958,-29989,-29990,-29990,0,-29989,-29990,-29991,-29991]} 1. d4 d5 2. Nf3 Nf6 3. Bf4 e6 4. e3 c5 5. Nbd2 Bd6 6. dxc5 {D02: 1 d4 d5 2 Nf3 sidelines, including 2...Nf6 3 g3 and 2...Nf6 3 Bf4.} Bxc5 7. c4 O-O 8. a3 {The position is equal.} Nc6 {[#]} 9. Rc1 $146 ({Predecessor:} 9. Be2 b6 10. O-O Bb7 11. cxd5 Nxd5 12. Bg3 Rc8 13. Qb3 Bd6 14. Bxd6 Qxd6 15. Rac1 {½-½ (66) Swiercz,D (2647)-El Debs,F (2553) Chess.com INT 2021}) 9... Be7 10. cxd5 Nxd5 11. Bg3 $1 Bf6 (11... f5 $11) 12. Nc4 (12. Qc2 $14) 12... b5 13. Nd6 Na5 14. Qc2 (14. Bxb5 Bxb2 15. Rxc8 Rxc8 16. Nxc8 Bc3+ 17. Nd2 Qxc8 $11) 14... Ba6 {[%cal Oa5c4]} 15. Nd4 (15. Nxb5 $2 Rc8 16. Nc3 Rxc3 17. bxc3 Bxc3+ 18. Qxc3 (18. Nd2 $2 Bxd2+ 19. Qxd2 Nb3 $19) 18... Nxc3 19. Bxa6 {[#]} Qb6 $1 $19) 15... Nc4 16. Nxc4 (16. Bxc4 $11 bxc4 17. O-O) 16... bxc4 $15 17. Qd2 (17. Bxc4 $15 Rc8 18. b3) 17... Rc8 $17 18. Be2 Qb6 {Hoping for ...Rfd8.} 19. O-O Rfd8 {[%cal Oh7h5]} 20. Qc2 Bxd4 21. exd4 c3 22. Bxa6 Qxa6 23. h4 Rc6 24. bxc3 Rxc3 25. Qd2 Qxa3 {Black is much more active.} 26. Ra1 {[%cal Bc1a1,Ba1a5,Ba5c5][%mdl 32]} Qe7 27. Ra5 {[%cal Oa5d5] Rxd5! is the strong threat.} Ra3 28. Rc5 h6 {[%cal Od5e3]} 29. Rfc1 Rb3 30. Qa5 Rb7 {[%cal Bb3b7,Bb7d7,Bd7d8][%mdl 32]} (30... Rb4 {seems wilder.} 31. R1c4 Rb7 32. Rb5 Rb6 33. Rbc5 Rd7) 31. Rc8 Rbd7 (31... Rxc8 {feels hotter.} 32. Rxc8+ Kh7 33. Qc5 Qf6 34. Rh8+ Kxh8 35. Qc8+ Kh7) 32. Rxd8+ Rxd8 33. Qc5 Qb7 34. Ra1 Rd7 35. Be5 Ne7 36. Qc3 (36. Ra4 $17) 36... Nf5 $40 {[%mdl 128] Black goes for the king.} 37. h5 f6 38. Qc4 fxe5 39. Qxe6+ Rf7 40. Rc1 {Black must now prevent Rc8+.} Ne7 {Prevents Rc8+.} ({Don't go for} 40... Kh7 $2 41. dxe5 Rf8 42. Qc4 $19) 41. Qxe5 Nd5 {To avoid Rc7} ({Wrong is} 41... Qb2 $2 42. Rf1 $19) 42. g3 Qd7 {To avoid Qe6} 43. Rc5 Nf6 44. d5 Ng4 45. Qc3 Qf5 46. f4 (46. Rc8+ Kh7 47. Qc2) 46... Qb1+ (46... Re7 $142 {( -> ...Re2)} 47. Qc1 Qxh5) 47. Kg2 {[#]} (47. Qc1 $19 Qxc1+ 48. Rxc1) 47... Re7 48. Kh3 Nf2+ 49. Kg2 Ng4 50. Kh3 $1 Ne3 {[%cal Rb1h1]} 51. Rc8+ Kf7 {Weighted Error Value: White=0.42/Black=0.27 (precise)} 0-1

[Event "12th A.Margaryan Memorial 2022"]
[Site "Yerevan"]
[Date "2022.01.15"]
[Round "7.5"]
[White "Petrov, Nikita"]
[Black "Barseghyan, Armen Ar."]
[Result "1-0"]
[WhiteElo "2558"]
[BlackElo "2358"]
[Annotator "TA"]
[PlyCount "105"]
[EventDate "2022.01.09"]
[EventType "tourn"]
[EventCountry "ARM"]
[SourceTitle "playchess.com"]
[Source "ChessBase"]
[SourceQuality "1"]

{[%evp 15,105,19,29,31,29,42,66,73,78,50,40,40,27,20,58,9,77,45,45,44,48,44,44,45,48,42,53,60,129,36,36,36,37,36,47,26,29,22,25,0,0,0,0,2,6,0,10,0,0,0,4,0,233,260,205,137,583,635,640,646,622,605,583,462,542,457,769,761,740,716,29968,521,29969,29970,29980,29981,29982,29983,29983,29983,29984,29984,29984,29985,29985,29986,29991,29992,29992,29991,29991,29991]} 1. e4 c5 2. Nf3 Nc6 3. Bb5 g6 4. O-O Bg7 5. c3 Nf6 6. Re1 O-O 7. h3 a6 8. Bxc6 dxc6 9. d3 {B31: Sicilian: 2...Nc6 3 Bb5 g6.} Qc7 10. e5 Nd5 11. c4 {White is slightly better.} Nb6 12. Nc3 Rd8 {[%cal Ob6c4]} 13. Qe2 Bf5 {[#]} 14. Ne4 $146 ({Predecessor:} 14. Rd1 Qd7 15. Ne1 Qc7 16. Bf4 Nd7 17. Nf3 Nf8 18. Bh2 Qd7 19. Na4 Bxd3 20. Qe3 {1-0 (40) Magem Badals,J (2510)-Spangenberg,H (2505) Cuba 1993}) 14... Nd7 15. Bf4 (15. Ng3 $14 {should be considered.}) 15... b6 (15... Nxe5 $11 {keeps the balance.} 16. Kh1 Bxe4 17. Qxe4 f6) 16. g4 (16. Ng3 $5 {[%cal Rg3f5]}) 16... Be6 17. Qe3 a5 18. Rad1 a4 19. Kg2 Nf8 20. Rd2 Qc8 21. Bh6 Bh8 (21... Qc7 $14) 22. Neg5 {White is much more active.} (22. Qg5 $16) 22... Bg7 $1 $14 23. Bxg7 Kxg7 24. Ne4 Qc7 25. Ng3 h6 26. Nh4 b5 27. f4 (27. Ngf5+ $5 gxf5 28. gxf5 $14) 27... bxc4 28. f5 Bd5+ 29. Kg1 {And now fxg6 would win.} g5 30. f6+ exf6 31. Nh5+ Kh8 {Strongly threatening ...cxd3.} 32. Nxf6 Be6 33. Nf3 {[%cal Of3g5] Nxg5! is the strong threat. Pair of Knights!} Nd7 $2 {[#]} (33... Nh7 $11 {and Black has nothing to worry.} 34. Nxh7 Kxh7) 34. Nxg5 $1 $18 {[%mdl 512]} Nxf6 (34... hxg5 $2 35. Qxg5 Nxf6 36. exf6 Qg3+ 37. Rg2 Qxe1+ 38. Kh2 Qe5+ 39. Qxe5 $18) 35. exf6 $40 {[%mdl 128] White is out for blood.} Rxd3 $2 {[%mdl 8192] Loses the game.} (35... hxg5 36. Qxg5 Qg3+ 37. Rg2 Qxe1+ 38. Kh2) (35... Bd5 $16) 36. Rxd3 cxd3 37. Nxe6 fxe6 38. Qxh6+ {[%mdl 4096] Endgame KQR-KQR} Qh7 39. Qf4 d2 40. Qxd2 {aiming for Re5.} Qxh3 {[#]} (40... a3 $142 41. bxa3 (41. Rxe6 Qxh3 42. Qe2 Rg8 $16) 41... Qxh3) 41. Qf4 $1 {Threatens to win with Re2.} Rg8 42. g5 {Threatening mate with f7.} Qf5 43. Qh4+ Qh7 44. Re4 {White mates.} a3 45. bxa3 {[%cal Bb2a3,Ba3a4,Ba4a5][%mdl 32]} e5 46. a4 c4 47. Rxc4 c5 48. a5 e4 49. Rxe4 c4 50. Rxc4 Rxg5+ 51. Qxg5 Qb1+ 52. Rc1 {[%csl Gf6][%cal Rg5g7]} Qg6 53. Rc8+ {Weighted Error Value: White=0.10 (very precise) /Black=0.39} 1-0

[Event "12th A.Margaryan Memorial 2022"]
[Site "Yerevan"]
[Date "2022.01.16"]
[Round "8.1"]
[White "Makarian, Rudik"]
[Black "Barseghyan, Armen Ar."]
[Result "1-0"]
[WhiteElo "2509"]
[BlackElo "2358"]
[Annotator "RC"]
[PlyCount "137"]
[EventDate "2022.01.09"]
[EventType "tourn"]
[EventCountry "ARM"]
[SourceTitle "playchess.com"]
[Source "ChessBase"]
[SourceQuality "1"]
[TimeControl "40/5400+30:1800+30"]

1. d4 {[%emt 0:01:27]} Nf6 {[%emt 0:02:51]} 2. c4 {[%emt 0:00:05]} e6 {[%emt 0:00:13]} 3. Nf3 {[%emt 0:00:04]} d5 {[%emt 0:00:15]} 4. g3 {[%emt 0:00:04]} Bb4+ {[%emt 0:00:24]} 5. Nbd2 {[%emt 0:00:35]} O-O {[%emt 0:00:20]} 6. Bg2 {[%emt 0:00:03]} b6 {[%emt 0:00:29]} 7. O-O {[%emt 0:00:28]} Bb7 {[%emt 0:01:43]} 8. b3 {[%emt 0:00:56]} a5 {[%emt 0:00:50]} 9. Bb2 {[%emt 0:00:19]} a4 {[%emt 0:00:43]} 10. bxa4 {[%emt 0:00:17]} Nc6 {[%emt 0:01:49]} 11. Rc1 {[%emt 0:14:43]} Na5 {[%emt 0:14:40]} 12. Ne5 {[%emt 0:02:38]} Bxd2 {[%emt 0:08:10]} 13. Qxd2 {[%emt 0:02:52]} Nd7 {[%emt 0:00:06]} 14. Ng4 {[%emt 0:03:22]} c6 {[%emt 0:05:57]} 15. Ne3 {[%emt 0:05:42]} Ba6 {[%emt 0:00:33]} 16. cxd5 {[%emt 0:00:33]} exd5 {[%emt 0:01:33]} 17. Ba3 {[%emt 0:03:37]} Re8 {[%emt 0:01:25]} 18. Bb4 {[%emt 0:00:11]} Bb7 {[%emt 0:05:24]} 19. Nf5 {[%emt 0:08:42]} Re6 {[%emt 0:01:11]} 20. Nd6 {[%emt 0:01:01]} Qb8 {[%emt 0:00:11]} 21. Nxb7 {[%emt 0:02:32]} Qxb7 {[%emt 0:01:06]} 22. Rfe1 {[%emt 0:01:26]} Nf6 {[%emt 0:08:18]} 23. Bh3 {[%emt 0:08:30]} Ree8 {[%emt 0:06:58]} 24. Bxa5 {[%emt 0:01:17]} Rxa5 {[%emt 0:00:07]} 25. Qb4 {[%emt 0:00:41]} h5 {[%emt 0:12:09]} 26. e3 {[%emt 0:03:27]} Ne4 {[%emt 0:08:25]} 27. Bg2 {[%emt 0:04:15]} Re6 {[%emt 0:02:20]} 28. Rb1 {[%emt 0:01:04]} Qa8 {[%emt 0:10:02]} 29. Qxb6 {[%emt 0:01:08]} Rxa4 {[%emt 0:00:04]} 30. Qc7 {[%emt 0:01:11]} Qa5 {[%emt 0:02:45]} 31. Qc8+ {[%emt 0:08:48]} Kh7 {[%emt 0:00:04]} 32. Bxe4+ {[%emt 0:00:06]} dxe4 {[%emt 0:00:09]} 33. Rec1 {[%emt 0:03:29]} Rxa2 {[%emt 0:01:30]} 34. Rc5 {[%emt 0:00:44]} Qd2 {[%emt 0:00:24]} 35. Rf1 {[%emt 0:00:39]} Qe2 {[%emt 0:01:11]} 36. Rf5 {[%emt 0:08:13]} Kg6 {[%emt 0:00:51]} 37. Rf4 {[%emt 0:00:00]} Rc2 {[%emt 0:02:51]} 38. h4 {[%emt 0:07:37]} Rf6 {[%emt 0:00:51]} 39. Rxf6+ {[%emt 0:00:15]} gxf6 {[%emt 0:00:36]} 40. Qg8+ {[%emt 0:00:00]} Kh6 {[%emt 0:00:00]} 41. Qxf7 {[%emt 0:16:09]} Qf3 {[%emt 0:15:26]} 42. Qf8+ {[%emt 0:00:58]} Kg6 {[%emt 0:01:16]} 43. Qc8 {[%emt 0:01:54]} Qf5 {[%emt 0:06:51]} 44. Qg8+ {[%emt 0:02:14]} Kh6 {[%emt 0:00:06]} 45. Qb3 {[%emt 0:00:07]} Re2 {[%emt 0:01:44]} 46. Qc4 {[%emt 0:00:32]} Qf3 {[%emt 0:00:53]} 47. Qxc6 {[%emt 0:00:09]} Kg6 {[%emt 0:00:06]} 48. Qe8+ {[%emt 0:00:30]} Kf5 {[%emt 0:00:03]} 49. Qd7+ {[%emt 0:00:14]} Kg6 {[%emt 0:00:02]} 50. Qe8+ {[%emt 0:01:54]} Kf5 {[%emt 0:00:04]} 51. Qg8 {[%emt 0:00:58]} Rc2 {[%emt 0:02:51]} 52. Qg7 {[%emt 0:04:58]} Re2 {[%emt 0:01:33]} 53. Qd7+ {[%emt 0:02:08]} Kg6 {[%emt 0:00:38]} 54. Qd6 {[%emt 0:00:25]} Rc2 {[%emt 0:00:48]} 55. Qf4 {[%emt 0:00:22]} Rd2 {[%emt 0:00:03]} 56. Kh2 {[%emt 0:00:40]} f5 {[%emt 0:03:09]} 57. Kg1 {[%emt 0:00:29]} Rb2 {[%emt 0:03:25]} 58. Qd6+ {[%emt 0:00:26]} Kf7 {[%emt 0:00:19]} 59. d5 {[%emt 0:00:36]} Rd2 {[%emt 0:00:34]} 60. Qe6+ {[%emt 0:00:10]} Kg7 {[%emt 0:00:40]} 61. d6 {[%emt 0:00:41]} Rd1 {[%emt 0:00:28]} 62. d7 {[%emt 0:01:00]} Rxf1+ {[%emt 0:00:15]} 63. Kxf1 {[%emt 0:00:02]} Qd1+ {[%emt 0:00:06]} 64. Kg2 {[%emt 0:00:01]} Qf3+ {[%emt 0:00:03]} 65. Kg1 {[%emt 0:00:02]} Qd1+ {[%emt 0:00:04]} 66. Kh2 {[%emt 0:00:03]} Qf3 {[%emt 0:00:07]} 67. Qe7+ {[%emt 0:00:08]} Kg6 {[%emt 0:00:05]} 68. Qd6+ {[%emt 0:00:04]} Kf7 {[%emt 0:00:08]} 69. Qd3 {[%emt 0:01:11]} 1-0

[Event "12th A.Margaryan Memorial 2022"]
[Site "Yerevan"]
[Date "2022.01.16"]
[Round "8.2"]
[White "Davtyan, Artur"]
[Black "Petrov, Nikita"]
[Result "1/2-1/2"]
[WhiteElo "2454"]
[BlackElo "2558"]
[Annotator "TA"]
[PlyCount "27"]
[EventDate "2022.01.09"]
[EventType "tourn"]
[EventCountry "ARM"]
[SourceTitle "playchess.com"]
[Source "ChessBase"]
[SourceQuality "1"]

{[%evp 18,27,0,0,4,0,0,0,0,0,-4,-10]} 1. d4 Nf6 2. c4 e6 3. Nf3 d5 4. Nc3 Nbd7 5. cxd5 exd5 6. Bf4 c6 7. Qc2 Nh5 8. Bg5 Be7 9. Bxe7 Qxe7 10. e3 {The position is equal.} g6 {has lost popularity (10...Nb6). D35: Queen's Gambit Declined: Exchange Variation.} 11. Be2 Ng7 12. O-O O-O 13. Bd3 {[#]} Nf6 $146 ({Predecessor:} 13... f5 14. Rfe1 b6 15. Rac1 Bb7 16. Qe2 Rae8 17. a3 Qf6 {½-½ (44) Jyothsna,L (1964)-Pujari,R (2191) Mysore 2017}) 14. Rab1 {A rather calm draw.  Weighted Error Value: White=0.01 (flawless) /Black=0.00 (flawless)} 1/2-1/2

[Event "12th A.Margaryan Memorial 2022"]
[Site "Yerevan"]
[Date "2022.01.16"]
[Round "8.3"]
[White "Lobanov, Sergei"]
[Black "Alavi, Sayed Javad"]
[Result "1-0"]
[WhiteElo "2512"]
[BlackElo "2455"]
[Annotator "TA"]
[PlyCount "75"]
[EventDate "2022.01.09"]
[EventType "tourn"]
[EventCountry "ARM"]
[SourceTitle "playchess.com"]
[Source "ChessBase"]
[SourceQuality "1"]

{[%evp 11,75,38,25,17,33,27,28,31,47,31,29,35,41,23,31,18,12,15,25,39,20,46,39,0,0,0,43,57,51,56,43,58,26,49,47,0,0,23,24,16,15,25,23,-31,-15,-24,-8,-16,19,21,14,14,412,416,813,818,29977,29978,29978,29979,29979,29980,29979,29980,29988,29989]} 1. e4 c5 2. Nf3 e6 3. d4 cxd4 4. Nxd4 Nc6 {[%cal Bb8c6,Bc6e5,Be5g4][%mdl 32]} 5. Nc3 Qc7 6. Be3 a6 7. Qf3 {B48: Sicilian: Taimanov: 5 Nc3 Qc7 6 Be3 a6 without Be2.} Nf6 {[%cal Of8a3]} 8. O-O-O Ne5 9. Qg3 {White has an edge.} b5 {[%cal Bb7b5,Bb5b4][%mdl 32]} 10. f4 Neg4 11. Bg1 {Black must now prevent e5.} h5 {aiming for ...b4. The main line 11...h5 scores better than 11...b4.} 12. e5 b4 $1 13. Na4 (13. exf6 bxc3 14. fxg7 Bxg7 $15) 13... Nd5 14. h3 Nh6 15. f5 Bb7 16. Bd3 Be7 17. Kb1 (17. Qxg7 Rg8 18. Qh7 Qxe5 $1 19. fxe6 dxe6 $1 $11) 17... h4 $1 18. Qe1 Nf4 (18... Rc8 $11) 19. Be4 $14 {Strongly threatening Bh2.} Nxg2 20. Qe2 Nf4 21. Qf3 Bxe4 22. Qxe4 Nd5 23. Qg2 Bf8 $1 (23... Qxe5 24. Bh2 Qf6 25. Qe4 $16) 24. Be3 {[%cal Od4e6]} Rc8 (24... Qxe5 $2 25. Bxh6 Rxh6 26. Rhe1 $18) 25. Bg5 {And now Rhf1 would win.} g6 $1 (25... Qxe5 $2 26. Rhe1 Qd6 27. Nxe6 $1 {[%mdl 512]} fxe6 28. Rxd5 $18 (28. fxe6 dxe6 29. Rxd5 Qc6 $18)) 26. fxg6 Rg8 $1 {[#]} 27. Qe4 $5 $146 {[%mdl 8] An interesting novelty.} (27. Bxh4 Rxg6 28. Qe4 Nf5 29. Nxf5 exf5 30. Qxd5 (30. Qxf5 Ne3 $17) 30... Qxc2+ 31. Ka1 Qxa4 $15) ({Better is} 27. Bxh6 $11 Rxg6 28. Bg5) ({Predecessor:} 27. Nf3 Rxg6 28. Qd2 Nf5 29. Rhe1 Bg7 30. Rc1 Qa5 31. c4 bxc3 32. Nxc3 Nxc3+ 33. bxc3 Rc5 34. Bf4 f6 35. Re4 fxe5 36. Bg5 Rd5 37. Qf2 Qb5+ 38. Ka1 Qd3 {0-1 (38) Sethuraman,S (2628)-Moussard,J (2631) Sharjah 2021}) 27... Rxg6 $15 28. Bxh4 Bg7 (28... Qa5 $5 {[%cal Ra5a4]} 29. b3 Qxa4 $1 30. Qxd5 Qxa2+ $1 31. Kxa2 exd5 $15) 29. Rhe1 {[%cal Bh1e1,Be1e2,Be2f2,Bf2f7][%mdl 32]} Ng8 (29... Qa5 $5 {[%cal Ra5a4]} 30. Rg1 Rxg1 31. Rxg1 Bf8 $11) 30. Re2 {[%cal Od4f5]} Nge7 31. Rf1 Qa5 $2 {[%mdl 8192] [#] Loses the game.} (31... Ng8 $1 $11 {and Black has nothing to worry.}) 32. Ref2 $1 $18 {[%cal Of2f7] Chess con chili.} ({And not} 32. Qf3 f5 33. exf6 Bxf6 $11) 32... Qxa4 (32... Bxe5 $142 33. Rxf7 (33. Qxe5 $2 Nc3+ 34. bxc3 Qxe5 $19) 33... Bf6 34. R7xf6 Nxf6 35. Bxf6 Rxf6 36. Rxf6 Qd5) 33. Rxf7 {Threatens to win with Bxe7.} Qa5 34. Bxe7 {White mates.} Nxe7 {[#]} 35. Qh4 $1 {[%csl Gf7][%cal Rh4e7]} ({Not} 35. Rxe7+ Kxe7 36. Qxg6 Qxe5 37. Qf7+ Kd6 $18) 35... Nf5 {[#]} 36. Nxf5 $1 {[%csl Gf5,Gf7][%cal Rh4e7,Bd4f5,Bf5e7,Be7c8][%mdl 32]} Kxf7 37. Ne7+ Ke8 38. Nxc8 {Weighted Error Value: White=0.06 (flawless) /Black=0.37} 1-0

[Event "12th A.Margaryan Memorial 2022"]
[Site "Yerevan"]
[Date "2022.01.16"]
[Round "8.4"]
[White "Danielyan, Vahe"]
[Black "Ohanyan, Emin"]
[Result "1-0"]
[WhiteElo "2332"]
[BlackElo "2373"]
[Annotator "ChessBase"]
[PlyCount "59"]
[EventDate "2022.01.09"]
[EventType "tourn"]
[EventCountry "ARM"]
[SourceTitle "playchess.com"]
[Source "ChessBase"]
[SourceQuality "1"]
[TimeControl "40/5400+30:1800+30"]

1. d4 {[%emt 0:00:02]} Nf6 {[%emt 0:00:12]} 2. c4 {[%emt 0:00:16]} e6 {[%emt 0:00:04]} 3. Nc3 {[%emt 0:00:04]} Bb4 {[%emt 0:00:03]} 4. Nf3 {[%emt 0:00:15]} d5 {[%emt 0:00:15]} 5. Qa4+ {[%emt 0:00:07]} Nc6 {[%emt 0:00:04]} 6. e3 {[%emt 0:00:04]} O-O {[%emt 0:00:34]} 7. Qc2 {[%emt 0:00:04]} Re8 {[%emt 0:00:21]} 8. Bd2 {[%emt 0:00:05]} h6 {[%emt 0:00:08]} 9. a3 {[%emt 0:00:19]} Bf8 {[%emt 0:00:04]} 10. O-O-O {[%emt 0:03:06]} a6 {[%emt 0:17:49]} 11. Rg1 {[%emt 0:05:48]} dxc4 {[%emt 0:03:07]} 12. g4 {[%emt 0:00:59]} b5 {[%emt 0:39:05]} 13. g5 {[%emt 0:00:34]} hxg5 {[%emt 0:01:15]} 14. Nxg5 {[%emt 0:00:05]} b4 {[%emt 0:01:02]} 15. Nce4 {[%emt 0:00:05]} g6 {[%emt 0:00:08]} 16. Bxc4 {[%emt 0:00:49]} bxa3 {[%emt 0:03:26]} 17. Nxf7 {[%emt 0:06:00]} Kxf7 {[%emt 0:04:26]} 18. Ng5+ {[%emt 0:00:12]} Kg7 {[%emt 0:08:16]} 19. Nf3 {[%emt 0:00:32]} Kh8 {[%emt 0:07:03]} 20. Qxg6 {[%emt 0:02:10]} axb2+ {[%emt 0:02:41]} 21. Kb1 {[%emt 0:00:38]} Qe7 {[%emt 0:01:36]} 22. Ne5 {[%emt 0:03:54]} Nxe5 {[%emt 0:03:52]} 23. dxe5 {[%emt 0:01:05]} Qh7 {[%emt 0:01:20]} 24. exf6 {[%emt 0:00:59]} e5 {[%emt 0:01:30]} 25. Bd3 {[%emt 0:06:26]} Qxg6 {[%emt 0:00:27]} 26. Bxg6 {[%emt 0:00:19]} Re6 {[%emt 0:01:03]} 27. Bc3 {[%emt 0:01:28]} Bd6 {[%emt 0:00:21]} 28. Be4 {[%emt 0:01:36]} Rb8 {[%emt 0:01:32]} 29. f7 {[%emt 0:00:09]} Bd7 {[%emt 0:00:03]} 30. Rg5 {[%emt 0:00:42]} 1-0

[Event "12th A.Margaryan Memorial 2022"]
[Site "Yerevan"]
[Date "2022.01.16"]
[Round "8.5"]
[White "Hayrapetyan, Hovik"]
[Black "Sturua, Zurab"]
[Result "1/2-1/2"]
[WhiteElo "2499"]
[BlackElo "2529"]
[Annotator "TA"]
[PlyCount "133"]
[EventDate "2022.01.09"]
[EventType "tourn"]
[EventCountry "ARM"]
[SourceTitle "playchess.com"]
[Source "ChessBase"]
[SourceQuality "1"]

{[%evp 12,133,14,0,9,0,0,0,0,0,0,0,0,-58,0,-81,-66,-85,-70,-86,-68,-56,-59,-94,-28,-87,-65,-97,-47,-108,-119,-131,-106,-111,-129,-131,-143,-136,-108,-114,-72,-80,-76,-77,-71,-79,-75,-74,-72,-70,0,0,0,-10,0,-46,-39,-41,-34,-41,-40,-48,-43,-51,10,2,8,9,17,10,43,0,36,29,29,37,55,12,55,55,52,42,43,43,50,47,103,-19,-20,-23,8,-75,-75,-75,-61,-61,-61,-143,-43,-61,-61,-128,-128,-129,-131,-327,-295,-237,-138,-129,0,0,8,8,11,-12,-12,-19,-12,-21,-16,-16,-12,-13]} 1. d4 {Pein,M} Nf6 2. c4 e6 3. Nc3 Bb4 4. Qc2 d5 5. cxd5 Qxd5 6. Nf3 Qf5 7. Qb3 Nc6 $1 {The main line 7...Nc6 scores better than 7...c5. E34: Nimzo-Indian: Classical: 4...d5.} 8. a3 Ba5 9. e3 O-O {[#]} 10. Bb5 $146 ({Predecessor:} 10. Qb5 e5 11. Bd3 Qg4 12. O-O a6 13. Qb3 Bxc3 14. Qxc3 e4 15. Ne5 Nxe5 16. dxe5 {0-1 (77) Beliavsky,A (2618)-Short,N (2675) Las Vegas 1999 CBM 072 [Pein,M]}) 10... Bd7 {And now ...Bxc3+ would win.} 11. Be2 e5 {[%cal Be6e5,Be5e4][%mdl 32]} 12. d5 (12. O-O $11) 12... Ne7 (12... Bxc3+ $15 13. bxc3 Na5) 13. O-O (13. Bd2 $1 $11) 13... e4 $36 {[%mdl 2048] Black is more active.} 14. Nd4 Qg6 15. Kh1 Bb6 16. a4 Rfd8 17. Bc4 Rab8 (17... Bc5 $17) 18. Nde2 (18. f3 $11 {remains equal.}) 18... Nf5 19. Qc2 Nd6 (19... Nh4 $6 20. Ng3 $11) (19... Re8 $1 $17 20. b4 c6 21. dxc6 bxc6) 20. Ba2 ({White should try} 20. b3 $15) 20... a5 21. Rb1 Re8 22. b4 axb4 23. Rxb4 Bc5 24. Rb1 b6 25. Bb2 Qh6 (25... Ng4 $142 {[%cal Oc5e3]} 26. h3 Qh6) 26. Ng3 Ra8 27. Bb3 Qh4 28. Nce2 Ng4 $1 {[%csl Gg4][%cal Rh4h2]} 29. h3 Ne5 30. Nf4 {[%cal Of4e6]} Nf3 31. Qc3 {[%csl Gb2][%cal Rc3g7]} ({Reject} 31. gxf3 Bxh3 32. Ng2 Qh6 $17) 31... f6 32. Bc2 (32. gxf3 exf3 33. Rfd1 Bxh3 $19) 32... Ng5 {[%cal Rg5h3]} 33. Ngh5 {[#]} (33. Kg1 $1 $11) 33... Nxh3 $1 $15 34. gxh3 Bxh3 35. Nxf6+ gxf6 36. Qxf6 Qxf6 37. Rg1+ $1 {[#]} Kf7 (37... Qg6 $1 $15 38. Nxh3 Kf7 $1 39. Rxg6 hxg6) 38. Bxf6 $11 {Chess con chili.} Kxf6 39. Nxh3 Rg8 40. Nf4 Nc4 41. Rbd1 (41. Bxe4 $14 {deserves consideration.} Nd2 42. Bxh7) 41... Ke5 42. Rxg8 Rxg8 43. d6 Nxd6 44. Rd5+ Kf6 45. Rh5 $1 {[%mdl 1024] White has compensation.} Rh8 46. Nd5+ Kg6 47. Re5 Rf8 48. Kg2 {[%cal Oa4a5]} Rf5 (48... Rg8 $14) 49. Rxe4 Nxe4 50. Bxe4 $16 {[%mdl 4096] Endgame KRB-KBN} Kg5 (50... c6 $5 {[%cal Rc6d5]} 51. Nf4+ Kf6 52. Bxf5 Kxf5 $11) 51. Nxc7 (51. Bxf5 $11 Kxf5 52. Nxc7) 51... Rf7 $17 52. Nd5 h5 53. f4+ Kh4 {White must now prevent ...Ra7.} 54. Bf3 (54. Kf3 $15) 54... Rg7+ (54... Rd7 $17 55. Kf2 Kh3) 55. Kf2 $15 Ra7 56. Bd1 ({Better is} 56. Nc3 $1 $15) 56... Rd7 $1 $17 57. Bb3 Kh3 $1 {Hoping for ...Rg7.} 58. Kf3 $2 (58. f5 $17 {might work better.}) 58... Kh2 $19 59. f5 {[#]} h4 (59... Rg7 $1 $19 {...Rg3+ is the strong threat.} 60. f6 Rg3+ 61. Kf4 h4) 60. f6 $17 {[#]} h3 ({Black should play} 60... Rd6 $1 $17 61. Kg4 h3) 61. Nf4 $11 {The position is equal.} Rh7 {aiming for ...Kg1.} 62. Be6 Rh6 63. Bxh3 {Threatens to win with f7.} Rxf6 64. Bf1 Rf7 65. Bc4 Ra7 66. Bb5 Rg7 67. Nd5 {Weighted Error Value: White=0.21 (precise) /Black=0.22 (precise)} 1/2-1/2